Kappaleet, joiden nimeä ei löydy sanoituksista - Statistics

Yleistilastot
  • Tätä visaa on pelattu 140 kertaa
  • Keskiarvotulos 4 / 14
Vastaustilastot
Hint Vastaus % Oikein
Syytän sua, Elisabeth Rehn, mun naiseni on kapiainen. Kersantti Karoliina
69%
Katu täyttyy askelista, elämä on kuolemista. Syksyn sävel
58%
Kauan sitten minussa, aavistus jo sinusta. Silloin tuntemattoman tunnen nyt, ja tunnustan. Rakkauslaulu
56%
On meillä stereot, televisio, mikroaaltouuni ja videonauhuri! On pakastin, kahvinkeitin, mikroprosessori ja pölynimuri! Onnelliset
53%
Sua vain yli kaiken mä rakastan, sinä taivaani päällä maan Romanssi
34%
Kuulkaa korpeimme kuiskintaa, jylhien järvien loiskintaa! Nälkämaan laulu
27%
Oppi luodolla kielen, sanat liikaa ois, ja joutaa lauseet pois. Myrskyluodon Maija
22%
Sulle laulan neiti, kesäheinä, sydämeni suuri hiljaisuus. Nocturne
19%
Rakasta minua nyt, kun kaikki muut ovat menneet, kun varjot hiipii yli lattian. 3.30
16%
Maksettu on velkani mun, ylistys olkoon ristiinnaulitun. Riihikirkkohymni
10%
Työn orjat, sorron yöstä nouskaa! Maan ääriin kuuluu kutsumus! Kansainvälinen
9%
On vaientunut soitto salmen ahdin kanteleen, ja poissa on myös musta oinas linnan. Balladi Olavinlinnasta
5%
Oi missä on polkuni, missä on tie, jonka reunalta mustikat hain? Nyt en enää naapuriin piirakkaa vie - Maxi-Market on naapurinain. Nostalgia osa 1
4%
Oi rouva te, voimmeko me suunnistaa tanssiparketille? Otsalamppuni voit sammuttaa jos humppa alkaa uuvuttaa. Jukolan humppa
0%
Ehtoja vastaavia visoja ei löytynyt
Tulosjakauma
Jokaisen tuloksen saaneiden osuus
Persentiili vastausten määrän mukaan
Tuloshistoriasi
Et ole pelannut tätä visaa